000 00252nam a2200121Ia 4500
100 _a#N/A
942 _cBK
245 _aIBM Information Management DB 2 @ 9.7 Academic Workshop
260 _b#N/A
082 _b21802
546 _aENGLISH
999 _c20605
_d20605